000 00791nam a2200241Ia 4500
003 GCL
008 140319s9999 xx 000 0 ara d
020 _a7047705977
040 _aGCL /
_cGCL
082 0 4 _a910.1
_bس ج
100 1 _aسعيد احمد عبده
245 1 0 _aجغرافية نقل الطاقة فى مصر /
_cسعيد احمد عبده
250 _aالاولى
260 _aالقاهرة :
_bمكتبة الانجلوالمصرية ،
_c1987
300 _a173 ص ؛
_c24سم
490 _aدراسات فى جغرافية مصر
_v0
650 0 4 _aالغاز الطبيعى
650 0 4 _aالبترول - ابار
650 0 4 _aالكهرباء - توليد
650 0 4 _aالبترول - مصر
650 0 4 _aالكهرباء - شبكات
942 _2ddc
_cBK
999 _c6883
_d6883